Score 0/14 Timer 03:00
1 Play Today
Question Answer Wrong Answers
Number of bones in a human skeleton: 100 Higher
80.5%
Lower
11.1%
Days between Halloween and Bonfire Night: 7 Lower
72.1%
Higher
19.8%
Scrabble score of 'Halloween', if it were a legal Scrabble word: 12 Higher
71.6%
Lower
20.4%
Weight of one of the boots that Boris Karloff wore in Frankenstein: 9 lb (4 kg) Higher
62.3%
Lower
29.7%
Individual pieces of candy corn produced each year: 6 billion Higher
60.5%
Lower
30.5%
Different bat species identified: 1,000 Higher
60%
Lower
31.6%
Weight of the largest pumpkin grown as of 2019: 2,200 lb (1,000 kg) Higher
56.8%
Lower
35%
Maximum age for legal trick-or-treating in Virginia cities: Virginia Beach, Norfolk, and Chesapeake: 14 Lower
55.7%
Higher
35.9%
Population of Tombstone, Arizona (2010 census): 5,000 Lower
55.3%
Higher
36.5%
Number of people hanged as a result of the Salem witch trials: 13 Higher
52.8%
Lower
39%
Age of Vlad the Impaler at the time that the Bela Lugosi film Dracula was released: 600 years Lower
51%
Higher
40.6%
Average annual number of deaths by spider bite in the US: 12 Lower
45.4%
Higher
46.4%
Calories in one plain M&M: 6 Lower
36.7%
Higher
55%
Number of people employed by coffin manufacturers in the US: 5,000 Lower
33.6%
Higher
58.2%

Today's Daily Dose

Word Ladder
Manners?

Quick Pick
Bat and Ball

Get the Picture
Disney Villains VI

You're not logged in!

Compare scores with friends on all Sporcle quizzes.
OR
Log In

Sporcle TV

Today on Sporcle TV


Watch our educational content, quiz creation guides, and fun videos on Sporcle TV.

Show Comments

Extras

Top Quizzes Today


Score Distribution

Paid Content

Your Account Isn't Verified!

In order to create a playlist on Sporcle, you need to verify the email address you used during registration. Go to your Sporcle Settings to finish the process.

Report this User

Report this user for behavior that violates our Community Guidelines.

Details: